MARC details
| 000 -CABECERA |
| campo de control de longitud fija |
00960nam a2200253 a 4500 |
| 001 - NÚMERO DE CONTROL |
| campo de control |
000032193 |
| 005 - FECHA Y HORA DE LA ÚLTIMA TRANSACCIÓN |
| campo de control |
20200930063517.0 |
| 008 - DATOS DE LONGITUD FIJA--INFORMACIÓN GENERAL |
| campo de control de longitud fija |
110713s1994 sp a 000 0 spa d |
| 020 ## - NÚMERO INTERNACIONAL ESTÁNDAR DEL LIBRO |
| Número Internacional Estándar del Libro |
8400074491 (obra completa) |
| 020 ## - NÚMERO INTERNACIONAL ESTÁNDAR DEL LIBRO |
| Número Internacional Estándar del Libro |
8400074505 |
| 040 ## - FUENTE DE LA CATALOGACIÓN |
| Centro catalogador/agencia de origen |
DO-SdBNP |
| Lengua de catalogación |
spa |
| Centro/agencia transcriptor |
BNPHU |
| 082 ## - NÚMERO DE LA CLASIFICACIÓN DECIMAL DEWEY |
| Número de clasificación |
xxx |
| Número de documento/Ítem |
xxxx |
| 049 ## - FONDOS LOCALES (OCLC) |
| Fondos de biblioteca |
BNPD |
| 100 1# - ENTRADA PRINCIPAL--NOMBRE DE PERSONA |
| Nombre de persona |
Maza Lasoli, Regina Sáinz de la |
| 9 (RLIN) |
58270 |
| 245 13 - MENCIÓN DE TÍTULO |
| Título |
El monasterio de Suena : |
| Resto del título |
catálogo de documentos del archivo de la corona de Aragón / |
| Mención de responsabilidad, etc. |
Regina Sáinz de la Maza Lasoli. |
| 260 ## - PUBLICACIÓN, DISTRIBUCIÓN, ETC. |
| Lugar de publicación, distribución, etc. |
Barcelona, España : |
| Nombre del editor, distribuidor, etc. |
Consejo de Superior de Investigaciones Científicas ; |
| -- |
Institución Milá y Fontanals, |
| Fecha de publicación, distribución, etc. |
1994. |
| 300 ## - DESCRIPCIÓN FÍSICA |
| Extensión |
v. ; |
| Dimensiones |
25 cm. |
| 500 ## - NOTA GENERAL |
| Nota general |
Incluye notas al pie de las páginas |
| 500 ## - NOTA GENERAL |
| Nota general |
Bibliografía :p ( xiii-xiv) |
| 500 ## - NOTA GENERAL |
| Nota general |
Incluye índice |
| 505 0# - NOTA DE CONTENIDO CON FORMATO |
| Información miscelánea |
V. 1 |
| Título |
(1208-1348) |
| 710 2# - PUNTO DE ACCESO ADICIONAL--NOMBRE DE ENTIDAD CORPORATIVA |
| Nombre de entidad corporativa o nombre de jurisdicción como elemento de entrada |
Consejo de Superior de Investigaciones Científicas |
| 9 (RLIN) |
58271 |
| 710 2# - PUNTO DE ACCESO ADICIONAL--NOMBRE DE ENTIDAD CORPORATIVA |
| Nombre de entidad corporativa o nombre de jurisdicción como elemento de entrada |
Institución Miláy Fontanals |
| 9 (RLIN) |
58272 |